Dynamika historických štruktúr poľnohospodárskej krajiny, prípadová štúdia: vybraná časť kopaničiarskeho regiónu Myjava

Charakterizácia dynamiky historických štruktúr poľnohospodárskej krajiny (HŠPK) ako subtypu štruktúr krajiny charakterizovaného ako hmotná nehnuteľná časť dedičstva vo vybranej časti kopaničiarskeho regiónu Myjava v období rokov 1957 až 2017 na základe mapových podkladov, s identifikáciou výskytov j...

Ausführliche Beschreibung

Gespeichert in:
Bibliographische Detailangaben
1. Verfasser: Moravčík, Filip
Weitere Verfasser: Benová, Alexandra
Format: Buchkapitel
Sprache:Slowakisch
Englisch
Schlagworte:
Tags: Tag hinzufügen
Keine Tags, Fügen Sie das erste Tag hinzu!

MARC

LEADER 00000naa a2200000 4500
001 0277823
005 20210812234742.3
041 0 |a slo 
041 0 |a eng 
044 |a SK 
245 1 0 |a Dynamika historických štruktúr poľnohospodárskej krajiny, prípadová štúdia: vybraná časť kopaničiarskeho regiónu Myjava  |c Filip Moravčík, Alexandra Benová 
520 |a Charakterizácia dynamiky historických štruktúr poľnohospodárskej krajiny (HŠPK) ako subtypu štruktúr krajiny charakterizovaného ako hmotná nehnuteľná časť dedičstva vo vybranej časti kopaničiarskeho regiónu Myjava v období rokov 1957 až 2017 na základe mapových podkladov, s identifikáciou výskytov jednotlivých subtypov HŠPK. Výskyt areálov HŠPK v súvislosti so vzdialenosťou od ekonomického centra danej oblasti, okresného mesta Myjava. Zohľadnenie aj časového aspektu popri priestorovom, pomocou identifikácie možného vplyvu rôznych spoločensko-ekonomických míľnikov na výskyt HŠPK. 
610 2 0 |a geografia hospodárska 
610 2 0 |a poľnohospodárstvo 
610 2 0 |a regióny poľnohospodárske výrobné 
610 2 0 |a pásmo poľnohospodárske prímestské 
610 2 0 |a prestavba poľnohospodárstva 
610 2 0 |a hospodárstvo regionálne 
610 2 0 |a vývoj regionálny 
610 2 0 |a Slovensko 
100 1 |a Moravčík, Filip 
700 1 |a Benová, Alexandra